Normal view
MARC view
Entry Personal Name
001 - CONTROL NUMBER
- control field: 69383
003 - CONTROL NUMBER IDENTIFIER
- control field: dpl
005 - DATE AND TIME OF LATEST TRANSACTION
- control field: 20240802161327.0
008 - FIXED-LENGTH DATA ELEMENTS
- fixed length control field: 240802|| aca||aabn | a|a d
040 ## - CATALOGING SOURCE
- Original cataloging agency: dpl
- Transcribing agency: dpl
100 ## - HEADING--PERSONAL NAME
- Personal name: मिश्रा, विनोदिनी
670 ## - SOURCE DATA FOUND
- Source citation: Work cat.: (dpl)202727: मिश्रा, विनोदिनी, कौआ हँकनी आओ बच्चों पढे कहानी/, 2009
